000 00918nam a2200289Ia 4500
001 Z_1691
003 CHAP
008 220113s1999 xx 000 0 und d
010 _a164782
040 _cCHAP
090 _aTesis B 1347
100 _aBarriga Castillo, Francisco
_910500
245 _aIdentificación de las bacterias cecales por medios bacteriológicos en conejos /
_cpor Francisco Barriga Castillo y Víctor Manuel Cortés Ruíz
260 _aChapingo, Méx. :
_bEl autor,
_c1999
300 _a50 h.
502 _aTesis (Ing. Agr. Esp. en Zootecnia) -- UACH. Departamento de Zootecnia
650 _aBacterias cecales
_9138859
650 _aConejos
_xNutrición
_926372
650 _aFibras vegetales en nutrición animal
_940707
700 _aCortés Ruíz. Víctor Manuel
_928394
901 _aTESIS B 1347
902 _aM
910 _a1999
942 _c2
942 _c2
999 _c164782
_d164782